| 000 | 00523nam a2200193Ia 4500 | ||
|---|---|---|---|
| 003 | GCL | ||
| 008 | 140319s9999 xx 000 0 ara d | ||
| 040 |
_aGCL / _cGCL |
||
| 082 | 0 | 4 |
_a809 _bر د |
| 100 | 1 | _aهنرى زغيب | |
| 245 | 1 | 0 |
_aدفاعا عن الادب / _cهنرى زغيب |
| 700 | 1 | _aروى، كلوى | |
| 260 |
_a[S.N] : _bمنشورات عويدان ، _c1983 |
||
| 300 | _a127 ص | ||
| 490 |
_aزدنى علما _v0 |
||
| 650 | 0 | 4 | _aالادب |
| 650 | 0 | 4 | _aتاريخ ونقد |
| 942 |
_2ddc _cBK |
||
| 999 |
_c36141 _d36141 |
||